Vangelis Discography - Statistics

General Stats
  • This quiz has been taken 9 times
  • The average score is 9 of 20
Answer Stats
Type Year Name % Correct
Album 1977 Spiral
75%
Album 1976 Albedo 0.39
63%
Album 1979 China
63%
Album 1985 Mask
63%
Album 1973 Earth
50%
Album 1998 El Greco
50%
Album 1975 Heaven and Hell
50%
Album 1996 Oceanic
50%
Album 2016 Rosetta
50%
Album 1984 Soil Festivities
50%
Album 1990 The City
50%
Unofficial Album 1978 The Dragon
50%
Album 1978 Beaubourg
38%
Album 1988 Direct
38%
Album 1985 Invisible Connections
38%
Album 1980 See You Later
38%
Unofficial Album 1978 Hypothesis
25%
Choral Symphony/Soundtrack 1993/2001 Mythodea — Music for the NASA Mission: 2001 Mars Odyssey
25%
Album 1972 Fais que ton rêve soit plus long que la nuit
13%
Album 1995 Vocies
0%
No matching quizzes found
Score Distribution
Percent of People with Each Score
Percentile by Number Answered
Your Score History
You have not taken this quiz